| 000 | 00560nam a22001697a 4500 | ||
|---|---|---|---|
| 082 |
_a891.439 _bHAQ |
||
| 100 | _aAbdulhaq,dr molvi | ||
| 245 |
_aQawaid-e-Urdu\ _cDr Molvi Abdulhaq |
||
| 260 |
_aLahore, _bSEVENth sky Publisher _c2012. |
||
| 300 |
_a224 p. _c24cm. |
||
| 563 | _aHB | ||
| 650 |
_aUrdu language Grammar _9129712 |
||
| 880 |
_6100-01\(3\r _aڈاکٹر مولوی عبدالحق |
||
| 880 |
_6245-02\(3\r _aقواعدِ اُردو\ |
||
| 880 |
_6260-03\(3\r _a لاہور; _bسیونتھ اسکائی پبلیشر, _c2012 |
||
| 942 |
_2ddc _cBK |
||
| 999 |
_c614272 _d614272 |
||